000 00519nam a2200169Ia 4500
999 _c21759
_d21759
003 OSt
005 20200618102852.0
008 190216s9999||||xx |||||||||||||| ||und||
020 _a8130700336
040 _coclc
082 _a954.0311092
_bSET/I
100 _aSeton - Karr, W S
_93034
245 0 _aIndian Rulers:
_bThe Marquess Cornwallis /
_cW S Seton - Karr
260 _bCosmo Publications,
_c2004.
_aNew Delhi:
300 _a200p
942 _cBK
_2ddc
_h954.0311092
_iSET/I
_k954.0311092
_mSET/I